Specification for commercial interiors (Record no. 76701)

MARC details
000 -LEADER
fixed length control field 01304nam a2200229 a 4500
008 - FIXED-LENGTH DATA ELEMENTS--GENERAL INFORMATION
fixed length control field 120416s1979 ||||||||||||||||| || u
020 ## - INTERNATIONAL STANDARD BOOK NUMBER
International Standard Book Number 082307353X
050 ## - LIBRARY OF CONGRESS CALL NUMBER
Classification number KF 5701 Rez
100 ## - MAIN ENTRY--PERSONAL NAME
Personal name Reznikoff, S. C
245 10 - TITLE STATEMENT
Title Specification for commercial interiors
246 ## -
-- professional liabilities, regulations and performance criteria
260 ## - PUBLICATION, DISTRIBUTION, ETC.
Place of publication, distribution, etc. New York
Name of publisher, distributor, etc. Watson-Guptill
Date of publication, distribution, etc. 1979
300 ## - PHYSICAL DESCRIPTION
Extent 302p. : ill.
350 ## -
-- 0.00
650 ## - SUBJECT ADDED ENTRY--TOPICAL TERM
Topical term or geographic name entry element LAW
650 ## - SUBJECT ADDED ENTRY--TOPICAL TERM
Topical term or geographic name entry element SPECIFICATIONS--LAW AND LEGISLATION
995 ## -
-- TEXTBOOKS (SBE)
-- 0.00
-- 5546
-- CBU-SCHOOL TEXTBOOK COLLECTIONS
-- 1
-- 0.00
-- SCHOOL TEXTBOOK
-- 5
-- AVAILABLE
-- Sep 14, 2009
-- 5546
-- School Collections
995 ## -
-- ANNEX COLLECTION (Main Library)
-- 0.00
-- 725358
-- CBU-MAIN LIBRARY (Kitwe)
-- 3
-- 45.95
-- KF 5701 Rez
-- 3
-- AVAILABLE
-- 009581
-- Annex Low-Usage Collection
995 ## -
-- ANNEX COLLECTION (Main Library)
-- 0.00
-- 725361
-- CBU-MAIN LIBRARY (Kitwe)
-- 4
-- 45.95
-- KF 5701 Rez
-- 4
-- AVAILABLE
-- 009580
-- Annex Low-Usage Collection
995 ## -
-- ANNEX COLLECTION (Main Library)
-- 0.00
-- 725359
-- CBU-MAIN LIBRARY (Kitwe)
-- 1
-- 45.95
-- KF 5701 Rez
-- 1
-- AVAILABLE
-- 009583
-- Annex Low-Usage Collection
995 ## -
-- ANNEX COLLECTION (Main Library)
-- 0.00
-- 725360
-- CBU-MAIN LIBRARY (Kitwe)
-- 2
-- 45.95
-- KF 5701 Rez
-- 2
-- AVAILABLE
-- 009582
-- Annex Low-Usage Collection
999 ## -
-- 76701
-- 76701
Holdings
Withdrawn status Lost status Source of classification or shelving scheme Damaged status Not for loan Permanent Location Current Location Shelving location Date acquired Total Checkouts Full call number Barcode Date last seen Copy number Price effective from Koha item type
          CBU-MAIN LIBRARY, KITWE. CBU-MAIN LIBRARY, KITWE.   04/25/2023   KF 5701 Rez 009581 04/25/2023 2 04/25/2023 MONOGRAPH
          CBU-MAIN LIBRARY, KITWE. CBU-MAIN LIBRARY, KITWE.   04/25/2023   KF 5701 Rez 009580 04/25/2023 3 04/25/2023 MONOGRAPH
Withdrawn         CBU-MAIN LIBRARY, KITWE. CBU-MAIN LIBRARY, KITWE.   04/25/2023   KF 5701 Rez 009583 04/25/2023 4 04/25/2023 MONOGRAPH
          CBU-MAIN LIBRARY, KITWE. CBU-MAIN LIBRARY, KITWE.   04/25/2023   KF 5701 Rez 009582 04/25/2023 6 04/25/2023 MONOGRAPH
          CBU-SCHOOL TEXT BOOK COLLECTION CBU-SCHOOL TEXT BOOK COLLECTION   04/25/2023   SCHOOL TEXTBOOK 5546 04/25/2023 1 04/25/2023 MONOGRAPH